मुद्रा की माया / (Record no. 85404)

MARC details
000 -LEADER
fixed length control field 00970nam a22001937a 4500
005 - DATE AND TIME OF LATEST TRANSACTION
control field 20140627130824.0
010 ## - LCCN (DPL NO)
LC control number B-485107-127
020 ## - INTERNATIONAL STANDARD BOOK NUMBER
International Standard Book Number 9780143066095
Terms of availability 350.00
035 ## - SYSTEM CONTROL NUMBER
System control number B-485107-127
037 ## - SOURCE OF ACQUISITION
Source of stock number/acquisition आकार
100 ## - MAIN ENTRY--PERSONAL NAME
Personal name फर्गसन नायाल
245 ## - TITLE STATEMENT
Title मुद्रा की माया /
Statement of responsibility, etc फर्गसन नायाल; नवेद अकबर द्वारा अनुदित
260 ## - PUBLICATION, DISTRIBUTION, ETC. (IMPRINT)
Place of publication, distribution, etc नई दिल्ली
Name of publisher, distributor, etc पेंगुइन बुक्स
Date of publication, distribution, etc 2013
270 ## - ADDRESS
Address 11, कम्युनिटी सेंटर, पंचशील पार्क
City नई दिल्ली
Postal code 110017
300 ## - PHYSICAL DESCRIPTION
Extent 336 पृ.
Dimensions 22 सें.मी.(अजिल्द)
700 ## - ADDED ENTRY--PERSONAL NAME
Personal name पांडे, भावना
9 (RLIN) 49538
942 ## - ADDED ENTRY ELEMENTS (KOHA)
Source of classification or shelving scheme Dewey Decimal Classification
Item type Hindi Books

No items available.


© Delhi Public Library
Hit Counter
free hit counter